Ứng dụng phương pháp quang phổ đạo hàm để xác định đồng thời paracetamol và ibuprofen trong dược phẩm

Na minha lista:
Detalhes bibliográficos
Autor principal: Thủy, Châu Tờ
Outros Autores: Lê, Thị Huỳnh Như
Formato: Livro
Idioma:Undetermined
Assuntos:
Acesso em linha:http://lrc.tdmu.edu.vn/opac/search/detail.asp?aID=2&ID=33609
Tags: Adicionar Tag
Sem tags, seja o primeiro a adicionar uma tag!
Thư viện lưu trữ: Trung tâm Học liệu Trường Đại học Thủ Dầu Một
LEADER 00773nam a2200157Ia 4500
001 TDMU_33609
008 210410s9999 xx 000 0 und d
082 |a 340.0973 
100 |a Thủy, Châu Tờ 
245 0 |a Ứng dụng phương pháp quang phổ đạo hàm để xác định đồng thời paracetamol và ibuprofen trong dược phẩm 
245 0 |c Thủy Châu Tờ, Lê Thị Huỳnh Như 
300 |a Tr.106-112 
650 |a Xác định; Paracetamol; Ibuprofen; Dược phẩm; Phổ đạo hàm; Hóa học  |x Quang phổ đạo hàm 
700 |a Lê, Thị Huỳnh Như 
856 |u http://lrc.tdmu.edu.vn/opac/search/detail.asp?aID=2&ID=33609 
980 |a Trung tâm Học liệu Trường Đại học Thủ Dầu Một